Central Library OPAC University of Rajshahi

Approaches to the study of social structure / (Record no. 1862)

MARC details
000 -LEADER
fixed length control field 01045pam a2200301 i 4500
001 - CONTROL NUMBER
control field 1862
003 - CONTROL NUMBER IDENTIFIER
rucl marc code BD-RjUL
005 - DATE AND TIME OF LATEST TRANSACTION
control field 20211208233429.0
008 - FIXED-LENGTH DATA ELEMENTS--GENERAL INFORMATION
fixed length control field 750528r19761975nyu b 001 0 eng
020 ## - INTERNATIONAL STANDARD BOOK NUMBER
International Standard Book Number 0029036518 :
035 ## - SYSTEM CONTROL NUMBER
System control number (BD-RjUL)1889
040 ## - CATALOGING SOURCE
Original cataloging agency DLC
Transcribing agency DLC
Modifying agency DLC
-- BD-RjUL
Language of cataloging eng
041 ## - LANGUAGE CODE
Language code of text/sound track or separate title eng
082 00 - DEWEY DECIMAL CLASSIFICATION NUMBER
Classification number 301.18
Edition number 16
Author mark and year APP
245 00 - TITLE STATEMENT
Title Approaches to the study of social structure /
Statement of responsibility, etc. edited by Peter M. Blau.
260 ## - PUBLICATION, DISTRIBUTION, ETC. (IMPRINT)
Place of publication, distribution, etc. New York :
Name of publisher, distributor, etc. Free Press ,
Date of publication, distribution, etc. c1975 [ Published 1976].
300 ## - PHYSICAL DESCRIPTION
Pagination ix, 294 p. ;
Size 22 cm.
500 ## - GENERAL NOTE
General note "A Publication of the American Sociological Association."
504 ## - BIBLIOGRAPHY, ETC. NOTE
Bibliography, etc Includes bibliographical references and indexes.
650 #0 - SUBJECT ADDED ENTRY--TOPICAL TERM
Topical term or geographic name as entry element Social structure.
9 (RLIN) 6161
Topical term or geographic name as entry element Sociology
General subdivision Methodology.
9 (RLIN) 6144
700 1# - ADDED ENTRY--PERSONAL NAME
Personal name Blau, Peter Michael.
710 2# - ADDED ENTRY--CORPORATE NAME
Corporate name or jurisdiction name as entry element American Sociological Association.
9 (RLIN) 6163
856 ## - ELECTRONIC LOCATION AND ACCESS
Uniform Resource Identifier <a href="http://www.worldcat.org/title/approaches-to-the-study-of-social-structure/oclc/1500028&referer=brief_results">http://www.worldcat.org/title/approaches-to-the-study-of-social-structure/oclc/1500028&referer=brief_results</a>
942 ## - ADDED ENTRY ELEMENTS (KOHA)
Source of classification or shelving scheme Dewey Decimal Classification
Koha item type Books
Holdings
Lost status Source of classification or shelving scheme Damaged status Not for loan Collection code Permanent Location Current Location Shelving location Date acquired Source of acquisition Cost, normal purchase price Total Checkouts Full call number Date last seen Copy number Koha item type
  Dewey Decimal Classification     Non-fiction Central Library, University of Rajshahi Central Library, University of Rajshahi   22/03/1980 Heffers. 6.50   301.18 APP 1976 09/12/2013 C-2 Books
  Dewey Decimal Classification   Not For Loan Non-fiction Central Library, University of Rajshahi Central Library, University of Rajshahi Reading Room 30/07/1979 Heffer 5.50   301.18 APP 1976 07/05/2014 C-1 Books